Život je pes /
Každému z nás se určitě nejednou lepila smůla na paty. Kolikrát v životě si člověk řekl, že život je pes? Nespočetněkrát! A přesně takhle se jmenuje nová kniha Moniky Knápkové. Je to soubor deseti povídek, řešících zlomové okamžiky života a zakončených citátem o lidské bezohlednost...
Uloženo v:
| Hlavní autor: | |
|---|---|
| Médium: | E-kniha |
| Jazyk: | Czech |
| Vydáno: |
Praha :
Viking,
2019
|
| Tagy: |
Žádné tagy |
| LEADER | 01412nam a22002297i 4500 | ||
|---|---|---|---|
| 001 | 311032 | ||
| 007 | ta | ||
| 008 | 260601s2019 xr ||||| |||| 00| 0 cze d | ||
| 020 | |a 9788074823077 | ||
| 044 | |a xr | ||
| 100 | 1 | |a Knápková, Monika |4 aut | |
| 245 | 1 | 0 | |a Život je pes / |c Knápková, Monika |
| 264 | 1 | |a Praha : |b Viking, |c 2019 | |
| 300 | |a 1 online zdroj (85 stran) | ||
| 336 | |a text |b txt |2 rdacontent | ||
| 337 | |a bez média |b n |2 rdamedia | ||
| 338 | |a online zdroj |b cr |2 rdacarrier | ||
| 520 | 2 | |a Každému z nás se určitě nejednou lepila smůla na paty. Kolikrát v životě si člověk řekl, že život je pes? Nespočetněkrát! A přesně takhle se jmenuje nová kniha Moniky Knápkové. Je to soubor deseti povídek, řešících zlomové okamžiky života a zakončených citátem o lidské bezohlednosti, závisti, ale také o lásce, pochopení a odpuštění. Zkrátka, všechno zlé je pro něco dobré, jak se dočtete například v povídce Další šance nebo Lež má krátké nohy. | |
| 910 | |a RBIT002 | ||
| 998 | |d 184596 |a https://core.palmknihy.cz/api/books/184596/cover?ppyq8q |b https://core.palmknihy.cz/api/books/184596/cover/400?ppyq8q |c https://core.palmknihy.cz/api/books/184596/cover/50?ppyq8q |e 2222-02-22 |g 85 |i 9788074823077 |j https://core.palmknihy.cz/api/books/184596/preview.epub |l |q 49 |r 1 |s https://www.palmknihy.cz/kniha/184596 |t ebook |y 2019 |z 1 | ||
| 999 | |d 311030 | ||